00972nam a22002532a 450000100060000000300080000600500170001400800410003103500190007204000320009104100080012308200210013109000220015210000380017424501260021226000420033830000250038061000400040565000450044565100510049094200120054199900170055395201480057049834BD-RjUL20211209054733.0160822s1930 enk 000 0 eng d a(BD-RjUL)49954 aCLUcCLUdEQOdBD-RjULbeng aeng bMUH 1930a342.42 aJN318b.M89h 19301 aMuir, Ramsay,d1872-1941.914936310aHow Britain is governed : ba critical analysis of modern developments in the British system of government /cRamsay Muir aLondon : bConstable & CO LTD, c1930 axi, 333 p. ;c23 cm.10aGreat Britain.bParliament.9165471 0aPolitical partieszGreat Britain9149365 0aGreat BritainxPolitics and government9149366 2ddccBK c49834d49834 00102ddc40708NFICaRUCLbRUCLcStackd1961-04-25ePakistan Book houseg25.56l0o342.42 MUH 1930r2016-08-22 00:00:00tC-2w2016-08-22yBK